Manual para la redacción, traducción y publicación de textos médicos
Збережено в:
| Автори: | , |
|---|---|
| Формат: | Книга |
| Мова: | Іспанська |
| Опубліковано: |
Barcelona
Masson
1995
|
| Предмети: | |
| Теги: |
Додати тег
Немає тегів, Будьте першим, хто поставить тег для цього запису!
|
MARC
| LEADER | 00000nam a2200000 a 4500 | ||
|---|---|---|---|
| 001 | UCP9577 | ||
| 003 | CL-VaPUC | ||
| 008 | 000331e19950000SP |||||||||||||||||spa|d | ||
| 082 | 0 | 4 | |a 418.02 |b PUE |2 21 |
| 100 | 0 | |a Puerta López-Cózar, José Luis |e author |9 440209 | |
| 700 | 0 | |a Mauri Más, Assumpta |e author |9 440210 | |
| 245 | 1 | 0 | |a Manual para la redacción, traducción y publicación de textos médicos |
| 300 | |a 445 p | ||
| 942 | |c BK | ||
| 945 | |d 20000331 00:00:00 |a rbrito | ||
| 260 | |a Barcelona |b Masson |c 1995 | ||
| 650 | 0 | |a Traducción |9 357261 | |
| 650 | 0 | |a Interpretación |9 258846 | |
| 650 | 0 | |a Lingüística aplicada |9 313266 | |
| 583 | |a last modification |c 20000331 00:00:00 |k Rodrigo Vera | ||
| 999 | |c 286376 |d 286374 | ||
| 952 | |0 0 |1 0 |4 0 |6 418_020000000000000_PUE_1995 |7 0 |8 R |9 332171 |a BIBEDU |b BIBEDU |c MCIRC |d 2019-11-20 |i 360411K |o 418.02 PUE 1995 |p 360411K |r 2023-01-13 |w 2019-11-20 |y BK_R |k CIT | ||